<The> Recovery Financing of the Coronavirus Pandemy − The Way of the European Union Sustainability

Všeobecné princípy a hodnotenie špecifických atribútov fondu Európskej únie na obnovu po pandémii ochorenia COVID‑19 spôsobeného novým koronavírusom (Plán obnovy pre Európu). Analýza štruktúry a účelu uplatňovania ozdravného balíka NextGenerationEU a rozpočtu EÚ na roky 2021 – 2027. Kritické zváženi...

Descrizione completa

Salvato in:
Dettagli Bibliografici
Autore principale: Dubcová, Gabriela, 1968-
Altri autori: Kissová, Jana, 1979-
Natura: Capitolo di libro
Lingua:inglese
Soggetti:
Tags: Aggiungi Tag
Nessun Tag, puoi essere il primo ad aggiungerne!!

MARC

LEADER 00000naa$a2200000$$$4500
001 0271343
005 20240502083823.2
041 0 |a eng 
044 |a CZ 
245 1 0 |a <The> Recovery Financing of the Coronavirus Pandemy − The Way of the European Union Sustainability  |c Gabriela Dubcová, Jana Kissová 
520 |a Všeobecné princípy a hodnotenie špecifických atribútov fondu Európskej únie na obnovu po pandémii ochorenia COVID‑19 spôsobeného novým koronavírusom (Plán obnovy pre Európu). Analýza štruktúry a účelu uplatňovania ozdravného balíka NextGenerationEU a rozpočtu EÚ na roky 2021 – 2027. Kritické zváženie dohodnutých finančných zdrojov pre Slovensko s poskytnutím relevantných informácií. 
610 2 0 |a plán hospodársky 
610 2 0 |a fondy Európskej únie 
610 2 0 |a pandémia 
610 2 0 |a koronavírus 
610 2 0 |a revitalizácia 
610 2 0 |a rozpočty verejné 
610 2 0 |a Slovensko 
610 2 0 |a Európska únia 
100 1 |a Dubcová, Gabriela, 1968- 
700 1 |a Kissová, Jana, 1979-